01116nam a2200337 a 4500003000900000005001700009008004100026020001800067040001300085245007200098260002600170300002300196500003500219650001100254650003400265650002400299650002700323650003100350650002700381700003700408700002000445700003100465700002800496700003700524700003400561700004300595700003700638700003200675700003200707700003900739AR-BaBNM20251128210313.0082120s2002 ||||||||||||||000 | spa|| a0-582-04662-9 cAR-BaBNM00aDe dos en dosbactividades por parejas para jóvenes principiantes aMadridbLongmanc1990 a64 p.bil., tablas aMapa de las actividades p. 6-7 4aINGLES 4aENSEÑANZA DE SEGUNDA LENGUA 4aTECNICAS DIDACTICAS 4aMETODOS DE ENSEÑANZA 4aACTIVIDADES DE APRENDIZAJE 4aENSEÑANZA DE IDIOMAS1 aAntón Miralles, Ramón José1 aBox Belda, Pepa1 aCabanes Vázquez, Rosario1 aEscrivá Sendra, Irene1 aFrías Rodríguez, Ana María1 aInsa Agustina, José Ramón1 aMaciá Villalobos, María Asunción1 aMartínez Mira, María Antonia1 aMolina Martínez, Consuelo1 aReig i Delhom, Josep Vicent1 aSánchez Campos, María Remedios